000 00357nam a2200133Ia 4500
008 240624s9999 xx 000 0 und d
041 _aeng
082 _a920 SIN
100 _aSINGH DAMAN
245 _aSTRICTLY PERSONAL MANMOHAN AND GURSHARAN
260 _c2014
_aNew Delhi
_bHarperCollins India
300 _aviii, : 452 : p. : cm. ; 22
365 _cRS
_b25
999 _c23736
_d23736